Normal view MARC view

Entry Personal Name

Number of records used in: 1

001 - CONTROL NUMBER

  • control field: 9638

003 - CONTROL NUMBER IDENTIFIER

  • control field: DLC

005 - DATE AND TIME OF LATEST TRANSACTION

  • control field: 20230929151054.0

008 - FIXED-LENGTH DATA ELEMENTS

  • fixed length control field: 790919n| acannaabn a aaa

010 ## - LIBRARY OF CONGRESS CONTROL NUMBER

  • LC control number: n 79083277

035 ## - SYSTEM CONTROL NUMBER

  • System control number: (Uk)000395487

040 ## - CATALOGING SOURCE

  • Original cataloging agency: DLC
  • Transcribing agency: DLC
  • Modifying agency: DLC
  • Modifying agency: Uk

046 ## - SPECIAL CODED DATES

  • Birth date: 19410809

100 1# - HEADING--PERSONAL NAME

  • Personal name: Bittinger, Marvin L.

400 1# - SEE FROM TRACING--PERSONAL NAME

  • Personal name: Bittinger, Marv

670 ## - SOURCE DATA FOUND

  • Source citation: Keedy, M. L. Trigonometry, 1969.

670 ## - SOURCE DATA FOUND

  • Source citation: Baker, D. You can teach hitting, c1992:
  • Information found: CIP t.p. (Marv Bittinger) data sheet (Bittinger, Marvin L., b. 8/9/41)

670 ## - SOURCE DATA FOUND

  • Source citation: BL authority file, 14 December 2012
  • Information found: (hdg.: Bittinger, Marvin L. (Marvin Lowell), 1941-)

678 ## - BIOGRAPHICAL OR HISTORICAL DATA

  • Biographical or historical data: Ind. Univ.;
  • Biographical or historical data: b. 1941

Powered by Koha